Statystyki dla Mitologia Grecka

Kliknij tutaj aby rozwiązać quiz!

Ogólne statystyki

  • Ten quiz został rozwiązany 696 razy
  • Średni wynik to 34 z 56

Statystyki odpowiedzi

PytanieOdpowiedź% Poprawnych
Jak nazywał się uratowany Bóg z powyżej, który został Bogiem Olimpu.Zeus
96%
Bóg Świata Podziemnego oraz zmarłych.Hades
93%
Bogini mądrości, sztuki, sprawiedliwej wojny. Opiekunka miast (Aten, Sparty).Atena
91%
Żona Boga Olimpu, Bogini Niebios, Opiekunka Rodzin.Hera
91%
Bóg władający: Morzami, rzekami oraz jeziorami. Patron Żeglarzy i Rybaków.Posejdon
89%
Bóg wojny, przeciwieństwo siostry (Bogini powyżej) Patron zniszczenia i szpiegów.Ares
88%
Nieśmiertelny Heros, którego słabym punktem była pięta. Bohater wojny Trojańskiej.Achilles
85%
Bogini zrodzona z piany morskiej. Bogini piękna, miłości, kwiatów, płodności i pożądania.Afrodyta
85%
Najpracowitszy z bogów, był panem ognia, bogiem złotników i kowali.Hefajstos
83%
Bóg piękna, światła, muzyki, prawa i prawdy. Przewodnik muz, patron poezji oraz sztuki.Apollo
81%
Syn architekta powyżej, który leciał za blisko słońca.Ikar
81%
Pierwsza Najstarsza Bogini narodzona z ChaosuGaja
80%
Bogini płodności ziemi, urodzaju, zbóż, rolnictwa i ziemi uprawnej.Demeter
79%
Kto otworzył puszkę pełną nieszczęść? Która została nazwana potem na jej cześć.Pandora
78%
Heros, który dostał za wymordowanie rodziny Karę 12 prac.Herakles
77%
Stworzenie zamknięte przez Króla Krety Minosa w Labiryncie.Minotaur
77%
Bóg dróg, podróżnych, pasterzy i kupców. Posłaniec bogów.Hermes
76%
Bogini łowów, lasów, gór, zwierząt i roślinności.Artemida
74%
Architekt i Wynalazca, zbudował i zaprojektował Labirynt dla Syna Minosa.Dedal
73%
Bóg dzikiej natury, płodności, winnej latorośli oraz wina.Dionizos
73%
Najmłodszy Syn najstarszych Bogów, który odebrał Ojcu władzę.Kronos
73%
Tytan, który ulepił człowieka i ukradł ogień z Rydwanu Boga Słońca.Prometeusz
72%
Król zapraszany na Olimp, gdzie brał udział w uczcie Bogów, Gdy został złapany na kradzieży, przeklęto go i kazano wtaczać wielki głaz pod górę, który zawsze zsuwał się na sam dół.Syzyf
72%
Potwór który potrafił zamienić w kamień spojrzeniem. Najmłodsza z 3 Gorgon.Meduza
70%
Żona Boga Podziemi.Persefona
70%
Strażnik Styksu, który pilnował żeby dusze nie uciekały ani żywi nie wchodzili do Hadesu.
Posiadał 3 głowy oraz węże zamiast ogona.
Cerber
66%
#3 Potomkowie najstarszych Bogów.Tytani i Tytanidy
65%
Jak nazywał się mąż i syn Bogini powyżej. (Bóg Nieba)Uranos
64%
Bóg Słońca.Helios
63%
Pokarm podawany raz z nektarem, który dawał Bogom nieśmiertelność i wieczną młodość.Ambrozja
62%
Opiekunka domowego ogniska, nowożeńców, sierot i podróżnych. Nigdy nie schodziła na Ziemię. Wyróżniała się pokojową postawą, nie uczestniczyła w boskich sporach.Hestia
62%
Jaki przedmiot przechylił zdobywanie Troi na korzyść Greków?Koń Trojański
61%
Król, który popłyną w wielką podróż, zmagający się z trudnościami i potworami.Odyseusz
58%
Jak nazywała się żona Tytana, która uratowała 6 syna przed pożarciem przez Ojca.Rea
56%
Tytan który dźwigał Sklepienie Niebieskie na barkach.Atlas
54%
Jeden ze synów Bogini powyżej, Bóg umierających i konających. (Był przewoźnikiem)Charon
51%
#2 Potomkowie najstarszych Bogów.Cyklopi
49%
Bóg miłości i namiętności.Eros
49%
Bóg Śmierci.Tanatos
49%
Do jakiej części Hadesu trafiały złe dusze skazane na wieczne cierpienie?Tartar
49%
Heros, który zgładził stwora z Labiryntu.Tezeusz
49%
Gdy Tytan powyżej został ukarany, Bóg Olimpu kazał przykuć go do Skały, gdzie codziennie, ktoś/Coś zjadał mu wątrobę, która się odnawiała co dzień. Kto to Był?Sęp
47%
Heros, który zgładził potwora powyżej.Perseusz
46%
Syn Boga Piękna i Sztuki, który swoją muzą udobruchał Strażnika Hadesu.Orfeusz
43%
Bóg i uosobienie marzeń sennych, był synem Boga powyżej.Morfeusz
42%
Była bóstwem bardzo starym, niejasnego pochodzenia i o stosunkowo zróżnicowanej roli w wierzeniach. Bóstwo magii i zjawisk nadprzyrodzonych. bogini o trzech twarzach.Hekate
39%
Nazwa Tarczy Boga Olimpu, władcy Piorunów.Egida
37%
Bogini Księżyca.Selene
35%
Bóg i uosobienie wiatru zachodniego.Zefir
33%
Do jakiej części Hadesu trafiały dobre dusze?Elizjum
31%
Uskrzydlona Bogini nieporządku i chaosu.Eris
31%
Bóg czasu,Chronos
29%
Bóg i uosobienie Snu.Hypnos
26%
Bogini Ciemności i Mroku.Nyks
23%
Gdy Bóg Olimpu wraz z Matką, uwolnili synów i braci z brzucha Ojca, doszło do walki z nim, ile trwała bitwa?10 lat
22%
#1 Potomkowie najstarszych Bogów. (Sturęcy)Hekatonchejrowie
22%

Rozkład punktacji

Percentyl według liczby udzielonych odpowiedzi

Procent ludzi z każdym wynikiem

Twoja historia wyników

Nie rozwiązałeś tego quizu